Obálka
Pro půjčování e-knih musíte být přihlášeni.
Jak si půjčit online?

Polednice /

Uloženo v:
Série:Detektiv Volf, část 2
Hlavní autor: Březina, Jiří, 1980- (Autor)
Další autoři: Vrána, Miloš (Autor), Saic, Jakub, 1969- (Režisér)
Médium: E-audiokniha
Jazyk:Czech
Vydáno: Praha : Voxi, 2026
Témata:
Příbuzné jednotky:Z cyklu:: Detektiv Volf
Tagy:
Žádné tagy
LEADER 04074nim a2201045 i 4500
001 313508
003 CZ PrSKC
005 20260601215744.0
007 sd fungnnmmned
008 260112p20262025xr nnnng f n cze
015 |a cnb003735646 
020 |a 9788074486074 :  |c Kč 349,00 
040 |a ABA001  |b cze  |e rda 
072 7 |a 821.162.3-3  |x Česká próza  |2 Konspekt 
080 |a 821.162.3-31  |2 MRF 
080 |a (0:82-312.4)  |2 MRF 
080 |a (086.7)08  |2 MRF 
080 |a (086.76)  |2 MRF 
100 1 |a Březina, Jiří,  |d 1980-  |7 xx0114321  |4 aut 
245 1 0 |a Polednice /  |c Jiří Březina 
264 1 |a Praha :  |b Voxi,  |c 2026 
300 |a 1 audiodisk (5 hod., 31 min.) ;  |c 12 cm 
306 |a 053100 
336 |a mluvené slovo  |b spw  |2 rdacontent 
337 |a audio  |b s  |2 rdamedia 
338 |a audiodisk  |b sd  |2 rdacarrier 
344 |a digital  |b optical  |2 rda 
347 |a audio soubor  |b MP3  |2 rda 
500 |a Název z disku 
500 |a Vydalo nakladatelství VOXI ve společnosti Albatros Media a.s. 
500 |a Podle stejnojmenné knihy vydané nakladatelstvím Motto v roce 2016 
500 |a Nezkrácená audiokniha ve formátu MP3 
508 |a Režie, Miloš Vrána 
511 0 |a Čte Jakub Saic 
518 |o Nahráno  |d 2025  |p studio ArtCrow Production, s.r.o. 
655 7 |a české romány  |7 fd133974  |2 czenas 
655 7 |a detektivní romány  |7 fd132010  |2 czenas 
655 7 |a audioknihy  |7 fd119452  |2 czenas 
655 7 |a kompaktní disky  |7 fd201991  |2 czenas 
655 9 |a Czech fiction  |2 eczenas 
655 9 |a detective novels  |2 eczenas 
655 9 |a audiobooks  |2 eczenas 
655 9 |a compact discs  |2 eczenas 
700 1 |a Vrána, Miloš  |7 xx0209201  |4 drt 
700 1 |a Saic, Jakub,  |d 1969-  |7 xx0225636  |4 nrt 
787 0 8 |i Z cyklu:  |t Detektiv Volf  |g 2 
900 |a ABA001  |b 20 
044 |a xr 
505 0 0 |t 00_Prolog (2 min., 29 sek.) 
505 0 0 |t 01_Kapitola 1 (9 min., 22 sek.) 
505 0 0 |t 02_Kapitola 2 (10 min., 32 sek.) 
505 0 0 |t 03_Kapitola 3 (7 min., 52 sek.) 
505 0 0 |t 04_Kapitola 4 (9 min., 30 sek.) 
505 0 0 |t 05_Kapitola 5 (11 min., 8 sek.) 
505 0 0 |t 06_Kapitola 6 (10 min., 26 sek.) 
505 0 0 |t 07_Kapitola 7 (10 min., 28 sek.) 
505 0 0 |t 08_Kapitola 8 (8 min., 20 sek.) 
505 0 0 |t 09_Kapitola 9 (11 min., 9 sek.) 
505 0 0 |t 10_Kapitola 10 (8 min., 3 sek.) 
505 0 0 |t 11_Kapitola 11 (6 min., 45 sek.) 
505 0 0 |t 12_Kapitola 12 (7 min., 54 sek.) 
505 0 0 |t 13_Kapitola 13 (7 min., 56 sek.) 
505 0 0 |t 14_Kapitola 14 (8 min., 24 sek.) 
505 0 0 |t 15_Kapitola 15 (10 min., 45 sek.) 
505 0 0 |t 16_Kapitola 16 (9 min., 10 sek.) 
505 0 0 |t 17_Kapitola 17 (12 min., 7 sek.) 
505 0 0 |t 18_Kapitola 18 (8 min., 42 sek.) 
505 0 0 |t 19_Kapitola 19 (10 min., 31 sek.) 
505 0 0 |t 20_Kapitola 20 (6 min., 17 sek.) 
505 0 0 |t 21_Kapitola 21 (10 min., 6 sek.) 
505 0 0 |t 22_Kapitola 22 (8 min., 39 sek.) 
505 0 0 |t 23_Kapitola 23 (11 min., 22 sek.) 
505 0 0 |t 24_Kapitola 24 (9 min., 11 sek.) 
505 0 0 |t 25_Kapitola 25 (8 min., 46 sek.) 
505 0 0 |t 26_Kapitola 26 (10 min., 6 sek.) 
505 0 0 |t 27_Kapitola 27 (5 min., 55 sek.) 
505 0 0 |t 28_Kapitola 28 (8 min., 0 sek.) 
505 0 0 |t 29_Kapitola 29 (9 min., 7 sek.) 
505 0 0 |t 30_Kapitola 30 (7 min., 11 sek.) 
505 0 0 |t 31_Kapitola 31 (8 min., 18 sek.) 
505 0 0 |t 32_Kapitola 32 (6 min., 48 sek.) 
505 0 0 |t 33_Kapitola 33 (8 min., 34 sek.) 
505 0 0 |t 34_Kapitola 34 (8 min., 6 sek.) 
505 0 0 |t 35_Kapitola 35 (6 min., 47 sek.) 
505 0 0 |t 36_Kapitola 36 (5 min., 19 sek.) 
505 0 0 |t 37_Kapitola 37 (8 min., 0 sek.) 
505 0 0 |t 38_Epilog (2 min., 15 sek.) 
910 |a RBIT002 
998 |d 423892  |a https://core.palmknihy.cz/api/books/423892/cover?t5p2fs  |b https://core.palmknihy.cz/api/books/423892/cover/400?t5p2fs  |c https://core.palmknihy.cz/api/books/423892/cover/50?t5p2fs  |e 2034-12-31  |i 9788074486074  |l 19860  |q 49  |r 1  |s https://www.palmknihy.cz/kniha/423892  |t audiobook  |y 2025  |z 0  |v Detektiv Volf  |w 2 
999 |d 313506